Istanbul (Not Constantinople) lyrics They Might Be Giants - Statistics

General Stats
  • This quiz has been taken 87 times
  • The average score is 151 of 179
Answer Stats
Lyrics % Correct
Constantinople
100%
I
100%
Istanbul
100%
Istanbul,
100%
it
100%
No,
100%
the
97%
a
95%
not
95%
it's
92%
Why
92%
be
90%
go
90%
that
90%
was
90%
on
88%
can't
86%
long
86%
Now
86%
they
86%
time
86%
but
85%
change
85%
you
85%
New
83%
People
83%
Turks
83%
Amsterdam
81%
better
81%
gone,
81%
just
81%
old
81%
once
81%
way
81%
York
81%
Even
80%
in
80%
say
80%
to
80%
business
78%
liked
78%
back
76%
nobody's
76%
Been
75%
changed
75%
That's
75%
did
73%
me
73%
So
73%
So,
73%
get
71%
works?
71%
if
69%
take
68%
night
66%
Every
63%
moonlight
63%
delight
61%
gal
61%
Lives
61%
Turkish
61%
waiting
61%
date
59%
She'll
59%
you've
56%
oh
24%
No matching quizzes found
Score Distribution
Percent of People with Each Score
Percentile by Number Answered
Your Score History
You have not taken this quiz